রূপবতী / (Record no. 48487)
[ view plain ]
| 000 -LEADER | |
|---|---|
| fixed length control field | 00762nam a2200241 a 4500 |
| 001 - CONTROL NUMBER | |
| control field | 48487 |
| 003 - CONTROL NUMBER IDENTIFIER | |
| rucl marc code | BD-RjUL |
| 005 - DATE AND TIME OF LATEST TRANSACTION | |
| control field | 20211209054531.0 |
| 008 - FIXED-LENGTH DATA ELEMENTS--GENERAL INFORMATION | |
| fixed length control field | 160814s1968 BG ||||| |||| 00| 0 ben d |
| 020 ## - INTERNATIONAL STANDARD BOOK NUMBER | |
| Terms of availability | :TK. 1.75 |
| 035 ## - SYSTEM CONTROL NUMBER | |
| System control number | (BD-RjUL)48606 |
| 040 ## - CATALOGING SOURCE | |
| Original cataloging agency | BD-RjUL |
| Language of cataloging | ben |
| Transcribing agency | BD-RjUL |
| 041 ## - LANGUAGE CODE | |
| Language code of text/sound track or separate title | ben |
| 082 ## - DEWEY DECIMAL CLASSIFICATION NUMBER | |
| Edition number | 23 |
| Classification number | 891.441 |
| Author mark and year | JAR 1968 |
| 100 1# - MAIN ENTRY--PERSONAL NAME | |
| Personal name | জসীম উদদীন |
| 9 (RLIN) | 146439 |
| 245 10 - TITLE STATEMENT | |
| Title | রূপবতী / |
| Statement of responsibility, etc. | জসীম উদদীন |
| 250 ## - EDITION STATEMENT | |
| Edition statement | ৪র্থ সং. |
| 260 ## - PUBLICATION, DISTRIBUTION, ETC. (IMPRINT) | |
| Place of publication, distribution, etc. | ঢাকা : |
| Name of publisher, distributor, etc. | পলাশ প্রকাশনী, |
| Date of publication, distribution, etc. | ১৯৬৮ |
| 300 ## - PHYSICAL DESCRIPTION | |
| Pagination | [৮], ৬১ পৃ ; |
| Size | ২১ সেমি. |
| 650 ## - SUBJECT ADDED ENTRY--TOPICAL TERM | |
| Topical term or geographic name as entry element | বাংলা |
| Form subdivision | কবিতা |
| 9 (RLIN) | 146440 |
| Topical term or geographic name as entry element | Bengali |
| Form subdivision | Poetry |
| 9 (RLIN) | 146441 |
| 942 ## - ADDED ENTRY ELEMENTS (KOHA) | |
| Source of classification or shelving scheme | Dewey Decimal Classification |
| Koha item type | Books |
| Lost status | Source of classification or shelving scheme | Damaged status | Not for loan | Collection code | Permanent Location | Current Location | Shelving location | Date acquired | Source of acquisition | Cost, normal purchase price | Total Checkouts | Full call number | Date last seen | Copy number | Koha item type |
|---|---|---|---|---|---|---|---|---|---|---|---|---|---|---|---|
| Dewey Decimal Classification | Non-fiction | Central Library, University of Rajshahi | Central Library, University of Rajshahi | 12/09/1973 | Nawroge | 1.75 | B 891.441 JAR 1968 | 14/08/2016 | C-2 | Books |